Návrh montáže zapaľovača = The lighter assembly design : Diplomová práca

Guardado en:
Detalles Bibliográficos
Autor principal: Rakús, Peter (Autor)
Otros Autores: Václav, Štefan, 1976- (xxx)
Formato: Manuscrito Libro
Lenguaje:eslovaco
Publicado: Trnava : STU v Bratislave MtF KOM, 2007
Materias:
Etiquetas: Agregar Etiqueta
Sin Etiquetas, Sea el primero en etiquetar este registro!

MARC

LEADER 00000ntm a22000003a 4500
001 stu143102
005 20160719155741.4
008 070706s2007----xo------------------slo-d
040 |a STU  |b slo 
041 0 |a slo 
044 |a xo 
100 1 |a Rakús, Peter  |4 aut 
245 1 |a Návrh montáže zapaľovača = The lighter assembly design :  |b Diplomová práca 
260 |a Trnava :  |b STU v Bratislave MtF KOM,  |c 2007 
300 |a 66 s  |c 1 CD-ROM 
500 |a Program: Počítačová podpora návrhu a výroby 
650 7 |a montáž  |2 stusub 
700 1 |a Václav, Štefan,  |d 1976-  |4 xxx  |u M3000  |U MTF Materiálovotechnologická fakulta  |T MTF Ústav výrobných technológií  |X 2778  |U M3000  |Y 83  |7 A000002778 
996 |b 284M076563  |c M*DP-6545  |l MMSKP  |s P  |a 0  |w stu143102_0001